UBT Library

Encyclopedia of gods : (Record no. 44134)

000 -LEADER
fixed length control field 00679pam a2200217 a 4500
001 - CONTROL NUMBER
control field 4871255
005 - DATE AND TIME OF LATEST TRANSACTION
control field 20180306034030.0
008 - FIXED-LENGTH DATA ELEMENTS--GENERAL INFORMATION
fixed length control field 921218s1993 nyu b 001 0 eng
010 ## - LIBRARY OF CONGRESS CONTROL NUMBER
LC control number 92046762
020 ## - INTERNATIONAL STANDARD BOOK NUMBER
International Standard Book Number 0816029091 (alk. paper)
040 ## - CATALOGING SOURCE
Original cataloging agency DLC
Transcribing agency DLC
Modifying agency DLC
041 ## - LANGUAGE CODE
Language code of text/sound track or separate title eng
080 ## - UNIVERSAL DECIMAL CLASSIFICATION NUMBER
Universal Decimal Classification number 291.211
082 00 - DEWEY DECIMAL CLASSIFICATION NUMBER
Classification number 291.211 JOR
Edition number 20
100 1# - Rafti
Rafti 23
101 ## - Shkurtesa
Shkurtesa ENC
245 10 - TITLE STATEMENT
Title Encyclopedia of gods :
Statement of responsibility, etc Michael Jordan.
906 ## - LOCAL DATA ELEMENT F, LDF (RLIN)
a 7
b cbc
c orignew
d 1
e ocip
f 19
g y-gencatlg
942 ## - ADDED ENTRY ELEMENTS (KOHA)
Source of classification or shelving scheme
Item type Books
Holdings
Withdrawn status Lost status Source of classification or shelving scheme Damaged status Not for loan Collection code Permanent location Current location Shelving location Date acquired Total Checkouts Full call number Barcode Date last seen Price effective from Koha item type
          Koleksioni i përgjithshem UBT - Lipjan UBT - Lipjan Koleksioni i përgjithshem 03/06/2018   291.211 JOR 002-3001276 03/06/2018 03/06/2018 Books
UBT Library © 2015-2024. All rights reserved University Education for Business and Technology